| 000 | 00972cam a22002894a 4500 | ||
|---|---|---|---|
| 001 | 12575496 | ||
| 003 | PILC | ||
| 005 | 20150507121441.0 | ||
| 008 | 011030s2002 mau 000 0 eng | ||
| 010 | _a 2001006692 | ||
| 020 | _a1931412901 | ||
| 040 |
_aDLC _cDLC _dDLC |
||
| 042 | _apcc | ||
| 050 | 0 | 0 |
_aBP 605.R34 _b.E94 2002 |
| 082 | 0 | 0 | _a299/.93 |
| 100 | 0 |
_aOsho, _d1931-1990. |
|
| 245 | 1 | 0 |
_aEveryday Osho : _b365 meditations on the here and now / _cOsho. |
| 260 |
_aGloucester, MA : _bFair Winds Press, _c2002. |
||
| 300 |
_a364 pages ; _c21 cm. |
||
| 610 | 2 | 0 |
_aRajneesh Foundation _xDoctrines. |
| 650 | 0 | _aMeditations. | |
| 650 | 0 |
_aSpiritual life _xRajneesh Foundation. |
|
| 856 | 4 | 2 |
_3Publisher description _uhttp://www.loc.gov/catdir/enhancements/fy0728/2001006692-d.html |
| 906 |
_a7 _bcbc _corignew _d1 _eecip _f20 _gy-gencatlg |
||
| 942 |
_2lcc _cBK |
||
| 999 |
_c283884 _d283884 |
||